جمهرة أنساب العرب ;; Jamharat ansāb al-ʿArab / (Record no. 78600)
[ view plain ]
| 000 -LEADER | |
|---|---|
| fixed length control field | 01526cam a2200313 a 4500 |
| 001 - CONTROL NUMBER | |
| control field | 78600 |
| 003 - CONTROL NUMBER IDENTIFIER | |
| rucl marc code | BD-RjUL |
| 005 - DATE AND TIME OF LATEST TRANSACTION | |
| control field | 20211209083140.0 |
| 008 - FIXED-LENGTH DATA ELEMENTS--GENERAL INFORMATION | |
| fixed length control field | 211019s1962 ua b 000 0carar |
| 035 ## - SYSTEM CONTROL NUMBER | |
| System control number | (BD-RjUL)78826 |
| 040 ## - CATALOGING SOURCE | |
| Original cataloging agency | DLC |
| Transcribing agency | TKN |
| Modifying agency | DLC |
| -- | CUY |
| -- | IUL |
| Language of cataloging | eng |
| 041 ## - LANGUAGE CODE | |
| Language code of text/sound track or separate title | eng |
| 042 ## - AUTHENTICATION CODE | |
| Authentication code | premarc |
| 066 ## - CHARACTER SETS PRESENT | |
| Alternate G0 or G1 character set | (3 |
| 082 ## - DEWEY DECIMAL CLASSIFICATION NUMBER | |
| Edition number | 23 |
| Classification number | 929.1174927 |
| Author mark and year | ANJ 1962 |
| 100 1# - MAIN ENTRY--PERSONAL NAME | |
| Personal name | الأندلس, لأبي محمد علي بن أحمد بن سعيد بن حزم ;;al'andalus, muhamad aliin bin 'ahmad bin said bin hazm |
| Dates associated with a name | 994-1064. |
| 9 (RLIN) | 249158 |
| 245 10 - TITLE STATEMENT | |
| Title | جمهرة أنساب العرب ;; Jamharat ansāb al-ʿArab / |
| Statement of responsibility, etc. | لأبي محمد علي بن أحمد بن سعيد بن حزم الأندلسي ؛ ;; li-Abi Muḥammad Alī ibn Saʿid ibn Ḥazm al-Andaluzī. Taḥqīq wa-taʼlīq Abd al-salām Muḥammad Hārūn. |
| 260 ## - PUBLICATION, DISTRIBUTION, ETC. (IMPRINT) | |
| Place of publication, distribution, etc. | مصر : ;; Miṣr : |
| Name of publisher, distributor, etc. | دار المعارف، ;; Dār al-Maʿārif, |
| Date of publication, distribution, etc. | 1962. |
| 300 ## - PHYSICAL DESCRIPTION | |
| Pagination | 17, 709 p. ; |
| Size | 24 cm. |
| 490 1# - SERIES STATEMENT | |
| Series statement | ذخائر العرب ؛ ;; Dhakhāʼir al-ʿArab |
| Volume/sequential designation | 2 |
| 504 ## - BIBLIOGRAPHY, ETC. NOTE | |
| Bibliography, etc | Bibliography: p. [705]-709. |
| 650 #0 - SUBJECT ADDED ENTRY--TOPICAL TERM | |
| Topical term or geographic name as entry element | Arabs |
| General subdivision | Genealogy. |
| 9 (RLIN) | 249159 |
| 700 1# - ADDED ENTRY--PERSONAL NAME | |
| Personal name | هارون، عبد السلام محمد.;; Hārūn, ʿAbd al-Salām Muḥammad. |
| 776 08 - ADDITIONAL PHYSICAL FORM ENTRY | |
| Relationship information | Online version: |
| Main entry heading | Ibn Ḥazm, ʿAlī ibn Aḥmad, 994-1064. |
| Title | Jamharat ansāb al-ʿArab. |
| Place, publisher, and date of publication | Miṣr, Dār al-Maʿārif, 1962 |
| Record control number | (OCoLC)616151720 |
| 830 #0 - SERIES ADDED ENTRY--UNIFORM TITLE | |
| Uniform title | ذخائر العرب ؛ ;; Dhakhāʼir al-ʿArab ; |
| Volume number/sequential designation | 2. |
| 942 ## - ADDED ENTRY ELEMENTS (KOHA) | |
| Source of classification or shelving scheme | Dewey Decimal Classification |
| Koha item type | Books |
| Lost status | Source of classification or shelving scheme | Damaged status | Not for loan | Collection code | Permanent Location | Current Location | Shelving location | Date acquired | Source of acquisition | Cost, normal purchase price | Total Checkouts | Full call number | Date last seen | Copy number | Koha item type |
|---|---|---|---|---|---|---|---|---|---|---|---|---|---|---|---|
| Dewey Decimal Classification | Not For Loan | Non-fiction | Central Library, University of Rajshahi | Central Library, University of Rajshahi | Reading Room | 09/08/1968 | Zeitlinger | 82.00 | A 929.1174927 ANJ 1962 | 19/10/2021 | C-1 | Books |